| 000 | 00534nam a2200145Ia 4500 | ||
|---|---|---|---|
| 003 | GCL | ||
| 008 | 140319s9999 xx 000 0 ara d | ||
| 040 |
_aGCL / _cGCL |
||
| 082 | 0 | 4 |
_a920.71 _bب ر |
| 100 | 1 | _aمحمد صادق بحر العلوم | |
| 245 | 1 | 0 |
_aرجال السيد بحر العلوم المعروف بالفوائد الرجالية / _cمحمد صادق بحر العلوم |
| 700 | 1 | _aبحر العلوم، السيد محمد المهدى | |
| 700 | 1 | _aحمد صادق بحر العلوم | |
| 490 |
_aكتاب _v0 |
||
| 999 |
_c42017 _d42017 |
||